000
00279 a2200109 4500
999
_c
322953
_d
322953
001
87880
003
NUST
082
_a
623.7469 BEN
100
_a
Benjamir Medea
_9
9728
245
_a
Drone Warefare Killing by Remote Control
260
_a
India
_b
Harper Collins
_c
2012
942
_a
CAE NUST
_c
BK
_k
623.7469 BEN
_2
ddc